MARC

LEADER 00000nam0a2200000 4500
001 300581
005 20231102001321.0
020 |a RU  |b 82-72139 
035 |a (RuTPU)RU\TPU\book\325734 
090 |a 300581 
100 |a 20150713d1982 km y0rusy5003 ca 
101 0 |a rus 
102 |a UZ 
105 |a a z 001zy 
200 1 |a Моделирование и разработка технологических процессов сборки самолетов  |e (На примере плоских каркасных узлов)  |f Ш. Ф. Ганиханов, Ю. А. Боборыкин, З. З. Шамсиев 
210 |a Ташкент  |c Фан  |d 1982 
215 |a 140 с.  |c ил. 
320 |a Библиогр.: с. 113-115 
606 1 |a Авиационные конструкции каркасные  |x Сборка  |2 stltpush  |3 (RuTPU)RU\TPU\subj\427  |9 29359 
610 1 |a самолеты 
610 1 |a самолетостроение 
610 1 |a технологические процессы 
610 1 |a моделирование 
610 1 |a заклепочные соединения 
610 1 |a экономическое обоснование 
610 1 |a компоновка 
675 |a 629.73.02  |z rus  |v 3 
700 1 |a Ганиханов  |b Ш. Ф.  |g Шарафутдин Фасхитдинович  |4 070 
701 1 |a Боборыкин  |b Ю. А.  |g Юрий Александрович 
701 1 |a Шамсиев  |b З. З.  |g Заир Зияевич 
712 0 2 |a Ташкентский политехнический институт им. А. Б. Беруни (ТашПИ)  |2 stltpush  |3 (RuTPU)RU\TPU\col\6741 
801 0 |a RU  |b RuMRKP  |c 19950704  |g psbo 
801 1 |a RU  |b 63413507  |c 20150713 
801 2 |a RU  |b 63413507  |c 20190212  |g RCR 
942 |c BK